• 首页
  • 本馆介绍
  • 公告通知
  • 最新文献
  • 馆藏检索
  • 电子资源
  • 读者导购
  • 参考咨询
  • 我的图书馆
  • 登录
  • 详细信息显示
  • 放入我的书架
  • 预约/预借图书
  • 作者相关作品
  • 分类相关作品
  • 丛书相关作品
  • 出版社相关作品

书目信息

  • 表格格式
  • 工作单格式
  • 卡片格式
题名:
医学史话
    
 
作者: 朱建平 , 黄健 著
分册:  
出版信息: 北京   中国大百科全书出版社  2000
页数: 192页
开本: 19cm
丛书名: 中华文明史话
单 册:
中图分类: R-092
科图分类:
主题词: 中国医药学--医学史
电子资源:
ISBN: 7-5000-6266-4
000 00820oam2 2200253 450
001 1555981810
005 20150118153343.84
010    @a7-5000-6266-4@d¥10
100    @a20001009d2000 em y0chiy0110 ea
101 0  @achi
102    @aCN@b110000
105    @ay z 000yd
200 1  @a医学史话@9yi xue shi hua@f朱建平,黄健[著]
210    @a北京@c中国大百科全书出版社@d2000
215    @a192页@d19cm
225 2  @a中华文明史话
330    @a本书分40个话题,重点叙述了我国医药学发展史上一些医药学家,如扁鹊、张仲景、华陀、孙思邈、李时珍等,以及他们的代表性医学著作、医药学说、医疗技术成就等。
461  0 @12001 @a中华文明史话
606 0  @a中国医药学@x医学史
690    @aR-092@v5
701  0 @a朱建平@9zhu jian ping@4著
701  0 @a黄健@9huang jian@4著
801  0 @aCN@bTSSF@c20150115
905    @aZUCC@dR-092@eJY1
    
    医学史话/朱建平,黄健[著].-北京:中国大百科全书出版社,2000
    192页;19cm.-(中华文明史话)
    
    
    ISBN 7-5000-6266-4:¥10
    本书分40个话题,重点叙述了我国医药学发展史上一些医药学家,如扁鹊、张仲景、华陀、孙思邈、李时珍等,以及他们的代表性医学著作、医药学说、医疗技术成就等。
●
相关链接 在E读中查询图书 在五车中查询图书 在当当中查询图书 在豆瓣中查询图书


正题名:医学史话     索取号:R-092/JY1         预约/预借

序号 登录号 条形码 馆藏地/架位号 状态 备注
1 7835686   278356869   学院路分馆/ [索取号:R-092/JY1] 在馆    
2 7835687   278356878   学院路分馆/ [索取号:R-092/JY1] 在馆    
3 7835688   278356887   学院路分馆/ [索取号:R-092/JY1] 在馆    
4 7835689   278356896   学院路分馆/ [索取号:R-092/JY1] 在馆    
唐山师范学院图书馆 欢迎您!
大连网信软件有限公司© 版权所有